01140nab a22002177a 4500999001500000003000400015005001700019008004100036040000700077100003300084245008900117260007300206300001300279500004500292505027500337505009000612650002700702650003400729773014600763942001300909 c5437d5437OSt20250909102153.0190604e xxu||||| |||| 00| 0 spa d cPJ 96367aBalbín, A. Nicolás13aNueva reforma a la pensión no contributiva por invalidez /cA. Nicolás Balbín. aCiudad Autónoma de Buenos Aires :bThomson Reuters La Ley, c2025. ap. 50-56 aCita Online: TR LALEY AR/DOC/2985/2024.  aSumario: I. Introducción.— II. La seguridad social, junto a la invalidez en el cuadro de las contingencias cubiertas.— III. El sistema general del dec. 843/2024.— IV. Los impactos de la reforma en orden al sistema precedente y su crítica.— V. Conclusiones.  t¿Te interesa el texto completo? Solicitalo al correo: koha@justierradelfuego.gov.ar  091395aSEGURIDAD SOCIAL 094962aPENSIÓN POR INVALIDEZ0 0271493171dCiudad Autónoma de Buenos Aires : Thomson Reuters La Ley, 2014-tRevista anales de legislación argentina. Nº 4 - Abril 2025. 2udccANA